Critical issues in special education / (Record no. 20559)

000 -LEADER
fixed length control field 01107cam a2200313 a 4500
001 - CONTROL NUMBER
control field 207115
003 - CONTROL NUMBER IDENTIFIER
control field OSt
005 - DATE AND TIME OF LATEST TRANSACTION
control field 20170120102242.0
008 - FIXED-LENGTH DATA ELEMENTS--GENERAL INFORMATION
fixed length control field 990330s2000 maua b 001 0 eng
010 ## - LIBRARY OF CONGRESS CONTROL NUMBER
LC control number 99071908
020 ## - INTERNATIONAL STANDARD BOOK NUMBER
International Standard Book Number 0395961270 (pbk.)
040 ## - CATALOGING SOURCE
Original cataloging agency DLC
Transcribing agency DLC
Modifying agency DLC
043 ## - GEOGRAPHIC AREA CODE
Geographic area code n-us---
050 00 - LIBRARY OF CONGRESS CALL NUMBER
Classification number LC3981 Y77 2000
082 00 - DEWEY DECIMAL CLASSIFICATION NUMBER
Classification number 371.9/0973
Edition number 21
100 1# - MAIN ENTRY--PERSONAL NAME
Personal name Ysseldyke, James E.
Dates associated with a name 2000
245 10 - TITLE STATEMENT
Title Critical issues in special education /
Statement of responsibility, etc. James E. Yesseldyke, Bob Algozzine, Martha Thurlow.
250 ## - EDITION STATEMENT
Edition statement 3rd ed.
260 ## - PUBLICATION, DISTRIBUTION, ETC. (IMPRINT)
Place of publication, distribution, etc. Boston :
Name of publisher, distributor, etc. Houghton Mifflin,
Date of publication, distribution, etc. 2000.
300 ## - PHYSICAL DESCRIPTION
Extent xviii, 482 p. ;
Other physical details ill. ;
Dimensions 24 cm.
500 ## - GENERAL NOTE
General note Includes bibliographical references and indexes.
650 #0 - SUBJECT ADDED ENTRY--TOPICAL TERM
Topical term or geographic name as entry element Special education
Geographic subdivision United States
General subdivision Evaluation.
650 #0 - SUBJECT ADDED ENTRY--TOPICAL TERM
Topical term or geographic name as entry element Remedial teaching
Geographic subdivision United States
General subdivision Evaluation.
700 1# - ADDED ENTRY--PERSONAL NAME
Personal name Algozzine, Robert.
700 1# - ADDED ENTRY--PERSONAL NAME
Personal name Thurlow, Martha L.
906 ## - LOCAL DATA ELEMENT F, LDF (RLIN)
a 7
b cbc
c orignew
d 2
e opcn
f 19
g y-gencatlg
942 ## - ADDED ENTRY ELEMENTS (KOHA)
Source of classification or shelving scheme
Koha item type Hard Covered Materials
Classification part LC3981 Y77 2000
Call number prefix 30396
Holdings
Withdrawn status Lost status Source of classification or shelving scheme Damaged status Not for loan Home library Current library Shelving location Date acquired Source of acquisition Total Checkouts Full call number Barcode Date last seen Price effective from Koha item type
          MACHAKOS UNIVERSITY LIBRARY MACHAKOS UNIVERSITY LIBRARY Technical section 20/01/2017 Donation(BFA)   LC3981 Y77 2000 30396 06/06/2018 20/01/2017 Hard Covered Materials
© Machakos University Library, Along The Highway, Machakos Wote Rd, Machakos, Kenya P.O. Box 136 - 90100 Machakos - Kenya

Tel: ( +254 ) 723 805829 OR Fax : 044-20353 OR Email: library@mksu.ac.ke